00339pab a2200133 454500008004000000100001600040245005300056260000900109300001500118362000800133650001800141700002100159773002500180180718b2014 xxu||||| |||| 00| 0 eng d aWilson, Bev aAnnexation and ethnicity in the American Midwest c2014 ap.417-447. aMar aEthnic groups aEdwards, Mary M. aUrban Affairs Review